000 00405nam a2200169 a 4500
001 2690
005 20140414131902.0
008 050924s19uu xx 00 eng d
020 _a0-448-08916-5
050 _aFIC
_bD54 #16
100 _aFranklin W. Dixon
245 _aA figure in hiding.
260 _aNew York :
_bGrosset & Dunlap.
300 _ap. ; cm.
440 _aHardy boys
999 _c110736
_d110736